Every Fortnite Battle Pass Skin (Chapter 2, Season 6) - Statistics

General Stats
  • This quiz has been taken 41 times
    23 since last reset
  • The average score is 65 of 132
Answer Stats
Level Season Skin % Correct
93 4 Tony Stark
78%
100 2 Midas
72%
47 8 Peely
72%
70 2 Black Knight
67%
38 4 Groot
67%
60 3 Kit
67%
1 3 Ocean
67%
Page 10 7 Rick Sanchez
67%
1 5 The Mandolorian
67%
1 4 Thor
67%
Collab Skin 4 Wolverine
67%
20 2 Brutus
61%
1 4 Carbide
61%
Collab Skin 2 Deadpool
61%
Page 8 7 Doctor Slone
61%
1 5 Drift
61%
1 2 Gear Specialist Maya
61%
22 4 Jennifer Walters
61%
100 4 Omega
61%
Battle Shop 1 Renegade Raider
61%
1 9 Sentinel
61%
80 2 Skye
61%
100 7 The Ice King
61%
Secret Skin 4 The Visitor
61%
Crew Skin 5 Vi
61%
Battle Shop 1 Aerial Assault Trooper
56%
1 2 Agent Peely
56%
1 2 Blue Squire
56%
23 9 Bunker Jonesy
56%
70 3 Dark Voyager
56%
50 6 Raz
56%
77 6 Rebirth Raven
56%
1 9 Rox
56%
Secret Skin 7 The Prisoner
56%
100 3 The Reaper
56%
Secret Skin 10 The Scientist
56%
100 10 Ultima Knight
56%
47 9 Vega
56%
100 9 Vendetta
56%
67 4 Victor Von Doom
56%
1 10 X-Lord
56%
47 4 Zoey
56%
60 1 8-Ball VS Scratch
50%
1 6 Agent Jonesy
50%
Secret Skin 6 A.I.M.
50%
Collab Skin 3 Aquaman
50%
1 4 Battlehawk
50%
1 8 Blackheart
50%
1 10 Catalyst
50%
Collab Skin 7 Clark Kent
50%
61 6 Cluck
50%
87 9 Demi
50%
1 6 DJ Yonder
50%
Secret Skin 5 Enforcer
50%
87 10 Eternal Voyager
50%
100 1 Fusion
50%
23 6 Giddy-Up
50%
1 8 Hybrid
50%
Page 5 7 Joey
50%
Page 1 7 Kymera
50%
73 5 Lexa
50%
100 8 Luxe
50%
1 7 Lynx
50%
60 2 Meowscles
50%
1 3 Mission Specialist
50%
80 4 Mystique
50%
Collab Skin 6 Neymar Jr.
50%
100 5 Ragnarok
50%
40 1 Rippley VS Sludge
50%
Secret Skin 8 Ruin
50%
23 3 Rust Lord
50%
Secret Skin 9 Singularity
50%
56 2 Sparkle Specialist
50%
87 4 Squad Leader
50%
53 4 Storm
50%
71 9 Stratus
50%
23 4 Teknique
50%
40 2 TnTina
50%
1 1 Turk VS Riptide
50%
71 4 Valor
50%
1 7 Zenith
50%
1 6 Calamity
44%
80 1 Cameo VS Chic
44%
100 6 Dire
44%
71 8 Ember
44%
100 3 Eternal Knight
44%
47 6 Fable
44%
1 3 Fade
44%
Crew Skin 5 Green Arrow
44%
40 3 Jules
44%
29 5 Mancake
44%
87 8 Master Key
44%
83 5 Menace
44%
86 6 Nightshade
44%
47 7 Powder
44%
Collab Skin 5 Predator
44%
20 1 Remedy VS Toxin
44%
21 2 Royale Knight
44%
23 7 Sgt. Winter
44%
23 8 Sidewinder
44%
71 5 Sledgehammer
44%
Secret Skin 1 Sorana
44%
70 10 Sparkle Supreme
44%
23 10 Tilted Teknique
44%
47 10 YOND3R
44%
Page 7 7 Zyg
44%
71 6 Dusk
39%
87 3 Elite Agent
39%
Crew Skin 5 Galaxia
39%
Page 4 7 Guggimon
39%
1 5 Huntress
39%
1 1 Journey VS Hazard
39%
60 5 Kondor
39%
15 6 Lara Croft
39%
Crew Skin 5-6 Llambro
39%
55 3 Moonwalker
39%
87 7 Onesie
39%
23 5 Redline
39%
15 5 Reese
39%
87 5 Rook
39%
20 3 Scuba Jonesy
39%
Page 2 7 Sunny
39%
47 5 Sun Strider
39%
29 6 Tarana
39%
Crew Skin 6 Deimos
33%
41 5 Mave
33%
80 3 Siona
33%
71 7 Trog
33%
Crew Skin 7 Loki Laufeyson
28%
Crew Skin 6 Alli
22%
100 6 Spire Assasin
22%
Crew Skin 6 Mecha Cuddle Master
6%
No matching quizzes found
Score Distribution
Percent of People with Each Score
Percentile by Number Answered
Your Score History
You have not taken this quiz since the last reset